000 00531nam a2200181 a 4500
005 20210223121501.0
008 991125s1956 tok 000 0 eng u
035 _aUPN01000018456
049 _aCG
050 4 _aL611
_bJ3.4 1956
110 1 _aJapón.
_bMinistry of Education
245 1 0 _aEducation in Japan :
_bgraphic presentation /
_cMinistry of education.
250 _aEd. rev.
260 _aTokyo :
_bTokyo Kyoiku Kenkyusho,
_c1956.
300 _avii, 108 p. :
_bil.
650 4 _aEDUCACION -
_zJAPON
_917340
905 _aLibro
999 _c18456
_d18456